000 00518nam a22001097a 4500
100 _aSoumyamol, V.B
245 _aMetagenomics as a preliminary screen for antimicrobial bioprospecting in rubber tree (Hevea brasiliensis)
260 _bPLACROSYM XXIV: Coping with Pandemic and Beyond: Research and Innovations in the Plantation Crops Sector, 14-16 December 2021, Indian Cardamom Research Institute, Kochi, India, Book of Abstracts, pp.26-27
650 _aMetagenomics, Microorganisms
700 _aRoy, C.B
942 _cJS
999 _c74706
_d74706